Boletín de las leyes i decretos del gobierno: 1859

Uloženo v:
Podrobná bibliografie
Médium: Kniha
Jazyk:španělština
Vydáno: Santiago Nacional 1859
Témata:
Tagy: Přidat tag
Žádné tagy, Buďte první, kdo vytvoří štítek k tomuto záznamu!

MARC

LEADER 00000nam a2200000 a 4500
001 UCR1470
003 CL-VaPUC
008 971219e18590000CL |||||||||||||||||spa|d
082 0 4 |a 348.022  |b BOL  |2 21 
245 1 0 |a Boletín de las leyes i decretos del gobierno: 1859 
300 |a v 
942 |c BK 
945 |d 19971219 00:00:00  |a lriquelm 
260 |a Santiago  |b Nacional  |c 1859 
650 7 |a DERECHO CHILENO SIGLO 19  |2 CL-VaPUC  |9 398590 
650 0 |a Fuentes del derecho   |9 255162 
651 7 |a CHILE  |2 CL-VaPUC  |9 398591 
583 |a last modification  |c 20160829 10:00:16  |k Rodrigo Vera 
999 |c 264872  |d 264870 
952 |0 0  |1 0  |4 0  |6 348_022000000000000_BOL_1859  |7 0  |8 X  |9 295415  |a BIBDER  |b BIBDER  |d 2019-11-20  |h v.27  |i 1925636  |o 348.022 BOL 1859  |p 1925636  |r 2023-01-25  |w 2019-11-20  |y BK_X  |k DER 
952 |0 0  |1 0  |4 0  |6 348_022000000000000_BOL_1859  |7 0  |8 DER_HDC  |9 295416  |a BIBDER  |b BIBDER  |d 2019-11-20  |h v.27  |i 1926780  |o 348.022 BOL 1859  |p 1926780  |r 2023-01-25  |w 2019-11-20  |x Ubicación 4to Piso  |y BK_X  |z Estos recursos deben solicitarse con anticipación  |k DER